Quizzes
Events
Quiz Creation
Community
Videos
Private Events
Remove Ads
Sign In
Join for FREE
Feedback
Dark Mode
Quiz Categories
Sports
Geography
Music
Movies
Television
Just For Fun
Miscellaneous
History
Literature
Language
Science
Gaming
Entertainment
Religion
Holiday
For Kids
Quiz Lab
Recent
Popular Today
Quiz Kudos Today
Editor Picks
Curator Picks
Quizzes by...
Day
Popularity
Type
Ratings
Length
Year
Community
Subscriptions
Recent Discussions
Orange Saloon
Badges
Playlists
Quests
Create
Leaderboards
Showdown
Live 5
Trivia Bingo
Activity
Puzzle Library
Sporcle Events
Private Events
Virtual Trivia
Globe League
Become a Host
Pub Owners
SporcleCon
Opinionation
Our Games
Videos
Blog
Mobile Apps
Partnerships
Remove Ads and Go Orange
Feedback
Geography
Country
Landmarks
City
State
Population
World
Capital
Continent
Flags
Europe
Africa
Asia
South America
North America
Oceania
Border
Canada
United Kingdom
Topography
United States
Geography
Country
Landmarks
City
State
Population
World
Capital
Continent
Flags
Europe
Africa
Asia
South America
North America
Oceania
Border
Canada
United Kingdom
Topography
United States
Random Quiz
Search Sporcle
×
Quiz Lab
Quiz Lab
Geography
Topography
Type in answers that appear in a list
Type in answers that appear in a list
Classic
Best Score? Go Orange.
Lake Michigan Area Airports Stats
Can you name the airports and navaids on the Milwaukee General Mitchell Tower study guide?
By
gfkatct
20m
203 Questions
60 Plays
60 Plays
60 Plays
Comments
Comments
Give Quiz Kudos
Give Quiz Kudos
-
- Ratings
hide this ad
More Info
Forced Order
Answers have to be entered in order
Answers have to be entered in order
Random Order
Randomize order of answers
Randomize order of answers
Replay
Link that replays current quiz
Next Quiz
Link to next quiz in quiz playlist
You Got
0%
They Got
Avg Score
35%
Avg Friend Score
Upgrade to see
Score Distribution
Jump to the score distribution portion of the page
Score
0/203
Timer
20:00
0
Plays Today
Airport or Navaid Code
City or Name
% Correct
LAX
Los Angeles Intl
70%
CLE
Cleveland-Hopkins
68.3%
ORD
Chicago-O'Hare
68.3%
PHX
Phoenix-Sky Harbor Intl
68.3%
SEA
Seattle-Tacoma Intl
68.3%
DET
Detroit City
66.7%
ATL
Atlanta Hartsfield International
65%
IND
Indianapolis
65%
LGA
New York-LaGuardia
65%
MSP
Minneapolis-Saint Paul International
65%
OKC
Oklahoma City-Will Rogers
65%
PIT
Pittsburgh Intl
65%
SFO
San Francisco Intl
65%
STL
Saint Louis-Lambert Intl
65%
TOL
Toledo Express
65%
BOS
Boston-Logan
63.3%
DFW
Dallas-Fort Worth
63.3%
MIA
Miami Intl
63.3%
PHL
Philadelphia Intl
63.3%
DEN
Denver International
61.7%
DTW
Detroit Metro Wayne County
61.7%
JFK
New York-Kennedy
61.7%
MEM
Memphis Intl
61.7%
EWR
Newark-Liberty
60%
LAS
Las Vegas-McCarran
60%
GRR
Grand Rapids-Gerald Ford
58.3%
DAY
Dayton
56.7%
GRB
Green Bay-Austin Straubel
56.7%
IAH
Houston-George Bush Intercontinental
56.7%
MDW
Chicago-Midway
56.7%
DCA
Washington-Reagan National
53.3%
IAD
Washington-Dulles
53.3%
MCO
Orlando Intl
53.3%
MKE
Milwaukee-General Mitchell
53.3%
OSH
Oshkosh-Wittman Regional
53.3%
CLT
Charlotte-Douglas
50%
EAU
Eau Claire-Chippewa County Regional
50%
FNT
Flint-Bishop
50%
TPA
Tampa-St. Petersburg
50%
BNA
Nashville
46.7%
CVG
Cincinnati-Covington
46.7%
DSM
Des Moines
46.7%
JXN
Jackson
46.7%
MBS
Saginaw
46.7%
MCI
Kansas City Intl
46.7%
LAN
Lansing-Capital Region
45%
CMH
Port Columbus
43.3%
MKG
Muskegon
43.3%
MSN
Madison-Dane County
43.3%
RAC
Racine Batten Airport
43.3%
RFD
Rockford-Greater Chicago
43.3%
YIP
Willow Run
43.3%
ATW
Outagamie County-Appleton
41.7%
DBQ
Dubuque
41.7%
PLN
Pellston
41.7%
TVC
Traverse City-Cherry Capital
41.7%
AZO
Battle Creek-Kalamazoo Intl
40%
BTV
Burlington
40%
CWA
Central Wisconsin-Mosinee
38.3%
DLH
Duluth
38.3%
DVN
Davenport
38.3%
LAF
Lafayette-Purdue University
38.3%
LSE
La Crosse
38.3%
RHI
Rhinelander
38.3%
RST
Rochester
38.3%
SAW
Sawyer-Marquette
38.3%
SDF
Louisville-Standiford Intl
38.3%
SBN
South Bend Regional
38.3%
Airport or Navaid Code
City or Name
% Correct
STC
Saint Cloud Regional
38.3%
CID
Cedar Rapids-The Eastern Iowa Airport
36.7%
SGF
Springfield-Branson
36.7%
TEB
Teterboro
36.7%
BMI
Bloomington-Normal
35%
DKB
De Kalb
35%
ESC
Escanaba
35%
FWA
Fort Wayne
35%
JOT
Joliet Regional
35%
LDM
Ludington
35%
MKC
Kansas City-Wheeler Downtown
35%
PIA
Peoria-General Downing
35%
PWK
Palwaukee-Chicago Executive
35%
STP
Saint Paul-Downtown
35%
MBL
Manistee County-Blacker
34.6%
ANE
Anoka County
33.3%
CAD
Cadillac
33.3%
CVX
Charlevoix
33.3%
GYY
Gary-Chicago Intl
33.3%
ILN
Wilmington
33.3%
IMT
Iron Mountain-Ford
33.3%
JVL
Janesville-Southern Wisconsin Regional
33.3%
PTK
Pontiac
33.3%
BFI
Seattle-Boeing Field
33.3%
AUW
Wausau
31.7%
CMX
Houghton-Hancock
31.7%
EGV
Eagle River
31.7%
MNM
Menominee
31.7%
MWC
Milwaukee-Timmerman Airport
31.7%
SBM
Sheboygan County Memorial
31.7%
SPI
Springfield-Capital
31.7%
UES
Waukesha County
31.7%
UGN
Waukegan Regional
31.7%
IWD
Ironwood
31.3%
ARR
Aurora
30%
DEC
Decatur
30%
DLL
Wisconsin Dells-Baraboo Airport and VORTAC
30%
DPA
Du Page
30%
ENW
Kenosha Regional
30%
FCM
Flying Cloud
30%
FLD
Fond du Lac
30%
LOT
Lewis University
30%
MCW
Mason City
30%
BEH
Benton Harbor
28.3%
HPN
White Plaines
28.3%
MTW
Manitowoc
28.3%
STE
Stevens Point
28.3%
SUE
Sturgeon Bay
28.3%
SUS
Spirit of Saint Louis
28.3%
CPS
Saint Louis Downtown-Cahokia
28.3%
UNU
Juneau-Dodge County
28.3%
VHP
Indianapolis-Brickyard VORTAC
28.3%
VOK
Camp Douglas-Volk Field
28.3%
3CK
Lake-in-the-Hills
28.3%
IGQ
Chicago-Lansing
28.3%
57C
East Troy
28.3%
8D1
New Holstein
28.3%
ARV
Minocqua-Woodruff
26.7%
BIV
Tulip City-Holland
26.7%
BTL
Battle Creek VORTAC
26.7%
BVT
Boiler VORTAC
26.7%
CGT
Chicago Heights VORTAC
26.7%
CMI
Champagne-Urbana
26.7%
CMY
Fort McCoy
26.7%
DJB
Dryer VORTAC
26.7%
EKM
Elkhart
26.7%
ETB
West Bend Airport
26.7%
FAH
Sheboygan Falls VOR
26.7%
Airport or Navaid Code
City or Name
% Correct
HUF
Terre Haute
26.7%
IIU
Louisville VORTAC
26.7%
IRK
Kirksville VORTAC
26.7%
ISW
Wisconsin Rapids
26.7%
LJT
Timmerman VOR
26.7%
LNR
Lone Rock
26.7%
ODI
Nodine VORTAC
26.7%
OXI
Knox
26.7%
RBS
Roberts VORTAC
26.7%
RYV
Watertown
26.7%
SVM
Salem VORTAC
26.7%
44C
Beloit
26.7%
68IS
Casa de Aero-Hampshire
26.7%
ASW
Warsaw
25%
BAE
Badger VORTAC
25%
BDF
Bradford VORTAC
25%
BLY
MKE Localizer ILS Runway 19R
25%
BUU
Burlington (Burbun VOR)
25%
EON
Peotone VORTAC
25%
GIJ
Gipper VORTAC
25%
GMF
MKE ILS Runway 7R
25%
HXF
Hartford
25%
MIC
Minneapolis-Crystal
25%
MRJ
Mineral Point-Iowa County
25%
OBK
Northbrook VORTAC
25%
PMM
Pullman VORTAC
25%
PNT
Pontiac VORTAC
25%
SKC
Waukesha Localizer Runway 10
25%
TTH
Terre Haute VORTAC
25%
VLA
Vandalia VORTAC
25%
3CU
Cable
25%
C02
Grand Geneva
25%
LL10
Naperville
25%
BJB
West Bend VOR
23.3%
HRK
Racine Horlick VOR
23.3%
PLL
Polo VORTAC
23.3%
PXY
MKE Localizer Runway 25L
23.3%
C35
Reedsburg
23.3%
C47
Portage
23.3%
3HO
Hobart Sky Ranch
23.3%
61C
Fort Atkinson
23.3%
62C
Guntley
23.3%
0WI8
Oconomowoc
23.3%
LLE
Kettle Moraine NDB
21.7%
C29
Madison-Middleton
21.7%
C59
Delavan-Lake Lawn
21.7%
C89
Sylvania
21.7%
02C
Brookfield-Capitol Drive
21.7%
96C
Fox River
21.7%
CRL
Carleton VORTAC
20%
ELX
Keeler VORTAC
20%
06C
Schaumberg
20%
10C
Galt
20%
1C5
Clow
20%
3D2
Fish Creek
20%
5K6
Westosha
20%
82IS
Landings Condominium-Huntley
20%
WI58
Winfield-Bristol
20%
LL22
Brookeridge
20%
C81
Campbell
18.3%
1C2
New Lenox
18.3%
LL40
Frankfort
18.3%
WI92
Wag-Aero-Lyons
18.3%
C09
Morris
15%
05C
Griffith
15%
88C
Palmyra
15%
31WI
McDermott Airpark-Sullivan
15%
Quiz Playlist
Details
Report
Send in Message
Add To Playlist
More Info:
Airports and Navaids found in the Milwaukee General Mitchell Air Traffic Control Tower Study Guide
Classic:
Type in answers that appear in a list
Forced Order:
Answers have to be entered in order
Random Order:
Randomize order of answers
Quiz Source
Last Updated: Feb 16, 2017
Quiz Scoreboard
CHALLENGE
Sign Up to Join the Scoreboard
Show All
Scores
Hide
Comments
May contain spoilers
Recently Published
Click the 1999 NBA Draft
by nibperrychub
Sports
2m
Alphabetical 'K' Countries by Flag Minefield
by ylime102
Geography
3m
Pick 6: Fruits
by JohnFran
Miscellaneous
15s
More to Explore
Quiz From the Vault
Featured Blog Post
15 Basketball Trivia Facts You Can Be March Mad About
hide this ad
You Might Also Like...
Tags
City Quiz
State Quiz
Topography Quiz
airport
area
code
guide
Milwaukee
mitchell
Study
Today's Top Quizzes in Geography
Browse Geography
hide this ad
Today's Top Quizzes in Topography
Browse Topography
Top Contributed Quizzes in Geography
1
Countries of the World - No Outlines Minefield
2
Pick 6: Mountains
3
Alphabetical 'L' Countries By Flag Minefield
4
Lietuvos savivaldybės (Lithuanian Municipalities)
5
Least Populated Answer: 'G' Countries
6
African Flag Reveal XXXVI
7
Pick 6: US States
8
Pick 6: National Parks
9
Alphabetical 'M' Countries By Flag Minefield
10
Complete the Map Snippet (Minefield) IX
Explore More
Trending Topics
NBA
Crossword
Kpop
Marvel
Anime
Harry Potter
Disney
The Office
Puzzle
Pokémon
Country
NFL
Song
WWE
Soccer
hide this ad
More By:
gfkatct
Quiz
Plays
Rating
Category
Featured
Created
Busiest U.S. Airports
366
4.00
Miscellaneous
Mar 17, 2011
Lake Michigan Area Airports
60
Geography
Feb 5, 2012
Go to Creator's Profile
Score Distribution
Quiz Creator Spotlight
gfkatct
Follow
Send a Message
Quizzes Created
-
Created Quiz Play Count
-
More By This Creator
Popular Quizzes Today
1
Find the US States - No Outlines Minefield
2
Countries of Asia Without Outlines Minefield
3
Pick 6: Fruits
4
The Countries of the World
5
Alphabetical 'K' Countries by Flag Minefield
6
Find the US States
7
Match the Book to the Film X
8
Click the 1999 NBA Draft
More Geography Quizzes
Find the Upside-Down Countries of Africa
Published
Trending Quizzes
Pick 6: Harry Potter
Pick 6: Mountains
Pick 6: NFL Teams
Pick 6: Movie Franchises
Pick 6: Golfers
Recently Updated
Women's Final Four Teams by Year
bhenderson79
Presidents Quartet II
eogle
Anything But Clue(do)
eogle
Anything But Oceanian Capitals
eogle
Anything But 7
eogle
Anything But Thing
eogle
Word Ladder: February 29
pecheneg
Song Title Questions
pecheneg
Women's NCAA Tournament #1 Seeds
pecheneg
Celebrity Mug Shots
pecheneg
Trending Topics
Disney
Anime
Harry Potter
NBA
Crossword
Marvel
Kpop
Pokémon
Soccer
NFL
Song
The Office
Country
Puzzle
WWE
Your Account Isn't Verified!
In order to create a playlist on Sporcle, you need to verify the email address you used during registration. Go to your
Sporcle Settings
to finish the process.
Report this User
Report this user for behavior that violates our
Community Guidelines
.
Details:
Send Report
Go to the Sporcle.com Mobile Site →
Comments